000 01305nam a2200373 a 4500
001 000012268
003 DO-SdBPM
005 20250625093458.0
007 ta
008 091110s1992 dr a 000 j spa d
040 _afragmento de otro mundo
_bspa
_cBPMSU
_drda
082 _aRD863.44
_bF363c 1992
_222
100 1 _aFernández Mejía, Abel,
_d1931-
_eautor
100 z _aFernández M., Abel,
_d1931-
245 1 0 _aCuentos para ser disparados /
_cAbel Fernández Mejía ; prólogo Víctor Villegas.
264 _aSanto Domingo :
_bUniversitaria-UASD,
_c1992.
300 _a91 páginas. :
_bilustraciones ;
_c20 cm.
336 _atexto
_btxt
_2rdacontent
337 _asin mediación
_bn
_2rdamedia
338 _avolumen
_bnc
_2rdacarrier
490 0 _aPublicaciones de la Universidad Autónoma de Santo Domingo ;
_aLiteratura y sociedad,
_v671/7
590 _aInventariado, 2025/VM
650 0 _aCuentos dominicanos
650 0 _aLiteratura dominicana.
650 z _aShort stories, Dominican
650 z _aDominican literature
700 1 _aVillegas, Víctor,
_eprólogo
710 2 _aUniversidad Autónoma de Santo Domingo
710 z _aSanto Domingo.
_b Universidad Autónoma
710 z _a UASD
710 z _aU.A.S.D.
910 _aVMateo V. Control de calidad BPMSU
942 _2ddc
_cBK
999 _c15212
_d15212